[Event "GER-chT Federal Cup (Women)"]
[Site "Braunfels"]
[Date "2016.05.28"]
[Round "4.6"]
[White "Imelmann, Esther"]
[Black "Zahn, Nicol"]
[Result "1-0"]
[WhiteElo "1610"]
[BlackElo "1775"]
[PlyCount "63"]
[EventDate "2016.05.26"]
[EventType "team-swiss"]
[EventRounds "5"]
[EventCountry "GER"]
[SourceTitle "EXT 2019"]
[Source "ChessBase"]
[SourceDate "2018.10.10"]
[SourceVersion "1"]
[SourceVersionDate "2018.10.10"]
[SourceQuality "1"]
[WhiteTeam "Rheinland Pfalz (W)"]
[BlackTeam "Hessen (W)"]
[WhiteTeamCountry "GER"]
[BlackTeamCountry "GER"]

1. d4 f5 2. c4 Nf6 3. Nc3 d6 4. Nf3 g6 5. g3 Bg7 6. Bg2 0-0 7. 0-0 c6 8. Rb1 a5 9. b3 Na6 10. a3 Qe8 11. b4 axb4 12. axb4 e5 13. dxe5 dxe5 14. b5 Nc5 15. Be3 Nce4 16. Nxe4 Nxe4 17. Qc2 Bd7 18. Rfc1 cxb5 19. cxb5 Bxb5 20. Qb3+ Kh8 21. Qxb5 Qd8 22. Qxb7 h6 23. Qb6 Qe8 24. Nh4 Kh7 25. Qc6 Ra2 26. Bxe4 fxe4 27. Qxe4 Rxe2 28. Rc6 Rfxf2 29. Rxg6 Kh8 30. Qg4 Qf8 31. Rxg7 Rg2+ 32. Nxg2 1-0

[Event "GER-chT Federal Cup (Women)"]
[Site "Braunfels"]
[Date "2016.05.27"]
[Round "3.6"]
[White "Imelmann, Esther"]
[Black "Hoefner, Nina"]
[Result "1/2-1/2"]
[WhiteElo "1610"]
[BlackElo "1471"]
[PlyCount "138"]
[EventDate "2016.05.26"]
[EventType "team-swiss"]
[EventRounds "5"]
[EventCountry "GER"]
[SourceTitle "EXT 2019"]
[Source "ChessBase"]
[SourceDate "2018.10.10"]
[SourceVersion "1"]
[SourceVersionDate "2018.10.10"]
[SourceQuality "1"]
[WhiteTeam "Rheinland Pfalz (W)"]
[BlackTeam "Hamburg (W)"]
[WhiteTeamCountry "GER"]
[BlackTeamCountry "GER"]

1. d4 Nf6 2. c4 g6 3. Nc3 Bg7 4. e4 d6 5. Bd3 0-0 6. h3 Nbd7 7. Be3 e5 8. d5 c6 9. Nge2 Qa5 10. 0-0 Nc5 11. Bc2 cxd5 12. cxd5 Qb4 13. Bxc5 Qxc5 14. Qd2 Bd7 15. Rac1 Qb6 16. Bd3 Nh5 17. g4 Nf6 18. Kg2 Qd8 19. Qg5 h6 20. Qd2 Nh7 21. Ng3 Qh4 22. Nce2 Ng5 23. Rh1 h5 24. f3 f6 25. Rc7 Rf7 26. Qb4 Raf8 27. Qxd6 Ba4 28. Rxf7 Rxf7 29. b3 Bd7 30. Qb8+ Rf8 31. Qxb7 Bc8 32. Qc7 Nxf3 33. Kxf3 hxg4+ 34. hxg4 Qxg4+ 35. Kg2 f5 36. exf5 gxf5 37. Bc4 f4 38. d6+ Be6 39. Bxe6+ Qxe6 40. Rf1 Qd5+ 41. Kg1 f3 42. Qc4 Qxc4 43. bxc4 fxe2 44. Rxf8+ Bxf8 45. Nxe2 Bxd6 46. Kf2 Kf7 47. Ke3 Ke6 48. Ke4 Bb4 49. Nc1 Kd6 50. Nd3 Bc3 51. Ke3 Kc6 52. Nc1 Kc5 53. Kd3 Bb2 54. Nb3+ Kb4 55. c5 Kb5 56. a4+ Kc6 57. Kc4 e4 58. Na5+ Kc7 59. Nb3 Kc6 60. Na5+ Kc7 61. Nb3 e3 62. Kd3 Kc6 63. Kxe3 Kd5 64. c6 Kxc6 65. Kd3 Kb6 66. Kc4 Ba3 67. Kd5 Bb4 68. Kc4 Ba3 69. Kd5 Bb4 1/2-1/2

[Event "GER-chT Federal Cup (Women)"]
[Site "Braunfels"]
[Date "2016.05.26"]
[Round "1.6"]
[White "Imelmann, Esther"]
[Black "Niedermaier, Barbara"]
[Result "0-1"]
[WhiteElo "1610"]
[BlackElo "1880"]
[PlyCount "52"]
[EventDate "2016.05.26"]
[EventType "team-swiss"]
[EventRounds "5"]
[EventCountry "GER"]
[SourceTitle "EXT 2019"]
[Source "ChessBase"]
[SourceDate "2018.10.10"]
[SourceVersion "1"]
[SourceVersionDate "2018.10.10"]
[SourceQuality "1"]
[WhiteTeam "Rheinland Pfalz (W)"]
[BlackTeam "Bayern (W)"]
[WhiteTeamCountry "GER"]
[BlackTeamCountry "GER"]

1. d4 d5 2. c4 e6 3. Nc3 c5 4. cxd5 exd5 5. dxc5 d4 6. Ne4 Bf5 7. Nd6+ Bxd6 8. cxd6 Qxd6 9. Nf3 Nc6 10. a3 Rd8 11. g3 Nf6 12. Bg2 0-0 13. 0-0 h6 14. Qb3 Qe7 15. Re1 Ne4 16. Bf4 g5 17. Bc1 Nc5 18. Qd1 Qe6 19. Nd2 Qg6 20. e4 dxe3 21. Rxe3 Nd4 22. Rc3 Bc2 23. Qf1 Bd3 24. Rxd3 Qxd3 25. Qxd3 Nxd3 26. Bxb7 Ne2+ 0-1

[Event "Frankfurt-chA"]
[Site "Frankfurt"]
[Date "2015.05.18"]
[Round "4"]
[White "Bergner, Matthias"]
[Black "Imelmann, Esther"]
[Result "1/2-1/2"]
[WhiteElo "1558"]
[BlackElo "1590"]
[PlyCount "175"]
[EventDate "2015.04.27"]
[EventType "swiss"]
[EventRounds "7"]
[EventCountry "GER"]
[SourceTitle "EXT 2016"]
[Source "ChessBase"]
[SourceDate "2015.10.08"]
[SourceVersion "1"]
[SourceVersionDate "2015.10.08"]
[SourceQuality "1"]

1. d4 d5 2. c4 c6 3. Nc3 e6 4. e3 Nf6 5. Nf3 Be7 6. g3 Nbd7 7. cxd5 exd5 8. Bg2 0-0 9. 0-0 Re8 10. Bd2 Bd6 11. a3 a5 12. Na2 Ne4 13. b4 Nxd2 14. Qxd2 axb4 15. axb4 Nf6 16. Ne1 Ne4 17. Qb2 f5 18. Nd3 Qe7 19. Nc3 Be6 20. Nc5 Bf7 21. Rxa8 Rxa8 22. Ra1 Rxa1+ 23. Qxa1 b6 24. N3xe4 fxe4 25. Qa8+ Qe8 26. Qxe8+ Bxe8 27. Na4 Bxb4 28. Nxb6 Kf7 29. Na4 Ke6 30. Bh3+ Kd6 31. Nb2 Bh5 32. g4 Be8 33. Kg2 g5 34. f3 exf3+ 35. Kxf3 Bg6 36. Ke2 Be4 37. Nd3 Bc3 38. Ne5 Bg6 39. Nf3 h6 40. Ne5 Be8 41. Nd3 Ba5 42. Nc5 Bc7 43. Bg2 Bb6 44. Nb3 Bg6 45. Nd2 c5 46. dxc5+ Bxc5 47. h3 Bb4 48. Nf1 Ke5 49. Kf2 Be4 50. Bxe4 Kxe4 51. Ng3+ Kd3 52. Kf3 Bd2 53. Nf5 Bc1 54. Ne7 Bxe3 55. Nxd5 Bd2 56. Ne7 Bc3 57. Nf5 Bd2 58. Nxh6 Bc1 59. Nf7 Bd2 60. Ne5+ Kd4 61. Nc6+ Kd5 62. Ne7+ Ke5 63. Nf5 Bc1 64. h4 gxh4 65. Nxh4 Kf6 66. Ng2 Kg5 67. Ne1 Be3 68. Nc2 Bd2 69. Nd4 Bc1 70. Ne6+ Kf6 71. Nf4 Kg5 72. Nh3+ Kh4 73. Nf2 Kg5 74. Kg3 Bf4+ 75. Kh3 Bc1 76. Ne4+ Kf4 77. Nf2 Kg5 78. Nd3 Bd2 79. Ne5 Bc1 80. Nf3+ Kf4 81. Ng1 Kg5 82. Kg3 Bf4+ 83. Kf3 Bc1 84. Ne2 Bd2 85. Ng3 Bc1 86. Ne4+ Kh4 87. Nf2 Kg5 88. Nh3+ 1/2-1/2

[Event "Frankfurt-chA"]
[Site "Frankfurt"]
[Date "2014.05.26"]
[Round "5"]
[White "Imelmann, Esther"]
[Black "Hartmann, Stephan"]
[Result "1-0"]
[WhiteElo "1662"]
[BlackElo "1516"]
[PlyCount "75"]
[EventDate "2014.04.28"]
[EventType "swiss"]
[EventRounds "7"]
[EventCountry "GER"]
[SourceTitle "EXT 2015"]
[Source "ChessBase"]
[SourceDate "2014.11.20"]
[SourceVersion "1"]
[SourceVersionDate "2014.11.20"]
[SourceQuality "1"]

1. d4 d5 2. c4 c6 3. Nc3 dxc4 4. e3 b5 5. a4 b4 6. Ne4 a5 7. Bxc4 e6 8. Nf3 Nf6 9. Qc2 Ra7 10. 0-0 Ba6 11. Bxa6 Rxa6 12. Bd2 Nxe4 13. Qxe4 Be7 14. Rac1 0-0 15. Rc2 Qd5 16. Qxd5 cxd5 17. Rfc1 f6 18. Ne1 Kf7 19. Nd3 Bd6 20. Nc5 Ra7 21. Nb3 Re8 22. h3 Ree7 23. Rc8 Rec7 24. R1xc7+ Bxc7 25. Nxa5 Bd6 26. Nb3 Rxa4 27. Kf1 Nd7 28. Rc6 Ke7 29. Ke2 e5 30. f3 Ra2 31. Bc1 Ra7 32. Kd3 Nb8 33. Rb6 Nd7 34. Rb5 Ke6 35. Bd2 Ra4 36. Rb7 f5 37. e4 fxe4+ 38. fxe4 1-0

[Event "Niedersachsen-ch op-A"]
[Site "Verden"]
[Date "2014.01.04"]
[Round "6"]
[White "Schmugge, Jens"]
[Black "Imelmann, Esther"]
[Result "0-1"]
[WhiteElo "1631"]
[BlackElo "1785"]
[PlyCount "82"]
[EventDate "2014.01.02"]
[EventType "swiss"]
[EventRounds "7"]
[EventCountry "GER"]
[SourceTitle "EXT 2016"]
[Source "ChessBase"]
[SourceDate "2015.10.08"]
[SourceVersion "1"]
[SourceVersionDate "2015.10.08"]
[SourceQuality "1"]

1. e4 e6 2. d4 d5 3. e5 c5 4. c3 Nc6 5. Nf3 Qb6 6. Na3 cxd4 7. cxd4 Bxa3 8. bxa3 Qa5+ 9. Qd2 Qxd2+ 10. Bxd2 Nge7 11. Bb5 Bd7 12. 0-0 0-0 13. Rab1 h6 14. Bc3 Rac8 15. Rb3 Rc7 16. Rfb1 Rfc8 17. Ne1 a6 18. Bf1 b5 19. Rd1 Nf5 20. Rbb1 Kf8 21. Rd3 Kg8 22. Be2 Nxe5 23. dxe5 Rxc3 24. Rxc3 Rxc3 25. a4 Nd4 26. Bf1 f6 27. axb5 Bxb5 28. Bxb5 axb5 29. exf6 gxf6 30. g3 Kf7 31. Ng2 Nf3+ 32. Kh1 Nd2 33. Rd1 Rc2 34. a4 bxa4 35. Nf4 Ne4 36. Nd3 a3 37. Kg2 a2 38. Kf3 Nc3 39. Ra1 e5 40. Nb4 Rb2 41. Na6 Rb1 0-1

[Event "Frankfurt-chA"]
[Site "Frankfurt"]
[Date "2013.06.03"]
[Round "5"]
[White "Achtmann, Armin Ludwig"]
[Black "Imelmann, Esther"]
[Result "1-0"]
[WhiteElo "1980"]
[BlackElo "1771"]
[PlyCount "69"]
[EventDate "2013.04.29"]
[EventType "swiss"]
[EventRounds "7"]
[EventCountry "GER"]
[SourceTitle "EXT 2014"]
[Source "ChessBase"]
[SourceDate "2013.11.20"]
[SourceVersion "1"]
[SourceVersionDate "2013.11.20"]
[SourceQuality "1"]

1. b4 e5 2. Bb2 f6 3. e4 d5 4. exd5 Qxd5 5. Nc3 Qf7 6. a3 Nh6 7. Nf3 c5 8. bxc5 Bxc5 9. Ne4 Qd5 10. Bb5+ Bd7 11. Qe2 Be7 12. Bc4 Qc6 13. 0-0 a6 14. d4 Be6 15. Bxe6 Qxe6 16. dxe5 fxe5 17. Bxe5 0-0 18. Neg5 Bxg5 19. Nxg5 Qf5 20. Qc4+ Nf7 21. f4 Rc8 22. Qxf7+ Qxf7 23. Nxf7 Kxf7 24. Rfd1 b5 25. Rd6 Ra7 26. Rad1 h6 27. c3 Re8 28. R1d5 Ree7 29. Bd4 Re1+ 30. Kf2 Rae7 31. Rf5+ Ke8 32. Be5 Rb1 33. Rg6 Rb2+ 34. Kf3 Nc6 35. Rxc6 1-0

[Event "Frankfurt-chA"]
[Site "Frankfurt"]
[Date "2013.05.06"]
[Round "2"]
[White "Ortinau, Peter"]
[Black "Imelmann, Esther"]
[Result "1-0"]
[WhiteElo "2070"]
[BlackElo "1771"]
[PlyCount "75"]
[EventDate "2013.04.29"]
[EventType "swiss"]
[EventRounds "7"]
[EventCountry "GER"]
[SourceTitle "EXT 2014"]
[Source "ChessBase"]
[SourceDate "2013.11.20"]
[SourceVersion "1"]
[SourceVersionDate "2013.11.20"]
[SourceQuality "1"]

1. d4 d5 2. c4 e6 3. Nc3 Nf6 4. Bg5 Be7 5. e3 c6 6. Nf3 Nbd7 7. Rc1 0-0 8. Bd3 dxc4 9. Bxc4 b5 10. Bd3 a6 11. 0-0 c5 12. Qe2 cxd4 13. exd4 Bb7 14. Rfd1 Rc8 15. a3 Nb6 16. Ne5 Nbd5 17. Ne4 Qb6 18. Bxf6 Nxf6 19. Nxf6+ Bxf6 20. Nd7 Qd8 21. Nxf8 Qxf8 22. Rxc8 Qxc8 23. Qc2 Qxc2 24. Bxc2 Bd5 25. f3 g6 26. Kf2 Kf8 27. Ke3 Ke7 28. Be4 Bc4 29. Bd3 Bb3 30. Rc1 e5 31. Rc6 exd4+ 32. Ke2 Bg5 33. g3 Be3 34. Rxa6 Bc1 35. Rb6 Bxb2 36. Rxb5 Bd1+ 37. Kxd1 Bxa3 38. Rb7+ 1-0

[Event "Frankfurt-chA"]
[Site "Frankfurt"]
[Date "2012.06.18"]
[Round "7"]
[White "Budde, Michael"]
[Black "Imelmann, Esther"]
[Result "1/2-1/2"]
[WhiteElo "1720"]
[BlackElo "1599"]
[PlyCount "96"]
[EventDate "2012.04.30"]
[EventType "swiss"]
[EventRounds "7"]
[EventCountry "GER"]
[SourceTitle "EXT 2013"]
[Source "ChessBase"]
[SourceDate "2012.11.22"]
[SourceVersion "1"]
[SourceVersionDate "2012.11.22"]
[SourceQuality "1"]

1. d4 d5 2. c4 e6 3. Nf3 Nf6 4. Nc3 Be7 5. Qc2 c6 6. e4 dxe4 7. Nxe4 Nbd7 8. Bd3 Qc7 9. 0-0 h6 10. Bd2 0-0 11. Qc1 e5 12. Re1 Nxe4 13. Bxe4 f5 14. Bc2 e4 15. Bf4 Bd6 16. Bxd6 Qxd6 17. c5 Qf6 18. Bb3+ Kh8 19. Ne5 Nxe5 20. dxe5 Qxe5 21. Re2 Bd7 22. Rd2 Be6 23. Bxe6 Qxe6 24. Rd6 Qe7 25. Qc3 Rad8 26. Rxh6+ Kg8 27. Qb3+ Qf7 28. Qg3 Rd3 29. Qg5 Rfd8 30. g3 R8d7 31. Rh5 Rf3 32. Qh4 Qg6 33. Rh8+ Kf7 34. Rd8 Rfd3 35. Ra8 Qg4 36. Qxg4 fxg4 37. Rxa7 Rd2 38. b4 Rb2 39. a3 Kg6 40. Re1 Rdd2 41. Rxe4 Rxf2 42. Rxg4+ Kh5 43. Rf4 Rg2+ 44. Kf1 Rgc2 45. Re4 Rf2+ 46. Ke1 Rg2 47. Kf1 Rbf2+ 48. Ke1 Rb2 1/2-1/2

[Event "Frankfurt-chA"]
[Site "Frankfurt"]
[Date "2012.06.11"]
[Round "6"]
[White "Imelmann, Esther"]
[Black "Haftmann, Rainer"]
[Result "0-1"]
[WhiteElo "1599"]
[BlackElo "1845"]
[PlyCount "73"]
[EventDate "2012.04.30"]
[EventType "swiss"]
[EventRounds "7"]
[EventCountry "GER"]
[SourceTitle "EXT 2013"]
[Source "ChessBase"]
[SourceDate "2012.11.22"]
[SourceVersion "1"]
[SourceVersionDate "2012.11.22"]
[SourceQuality "1"]

1. d4 Nf6 2. c4 e6 3. Nc3 d5 4. Bg5 Nbd7 5. Nf3 Be7 6. e3 c6 7. Qc2 0-0 8. a3 Re8 9. Bd3 dxc4 10. Bxc4 Nd5 11. Bxe7 Qxe7 12. 0-0 Nxc3 13. Qxc3 e5 14. dxe5 Nxe5 15. Nxe5 Qxe5 16. Qxe5 Rxe5 17. Rfd1 Bf5 18. Rd2 Rc5 19. Be2 Kf8 20. f3 b5 21. e4 Be6 22. Rad1 Bb3 23. Rd8+ Rxd8 24. Rxd8+ Ke7 25. Rd2 a5 26. Kf2 f6 27. Ke3 Rc1 28. f4 b4 29. axb4 axb4 30. Bg4 c5 31. Rd7+ Kf8 32. Rd8+ Kf7 33. Rd7+ Kg6 34. Bf5+ Kh6 35. e5 fxe5 36. Rd6+ g6 37. fxe5 0-1

[Event "BL2 Sued 1112 (Women)"]
[Site "Germany"]
[Date "2011.12.18"]
[Round "5.5"]
[White "Imelmann, Esther"]
[Black "Froehlich Dill, Astrid"]
[Result "0-1"]
[WhiteElo "1772"]
[BlackElo "1931"]
[PlyCount "82"]
[EventDate "2011.10.29"]
[EventType "team-tourn"]
[EventRounds "7"]
[EventCountry "GER"]
[SourceTitle "EXT 2013"]
[Source "ChessBase"]
[SourceDate "2012.11.22"]
[SourceVersion "1"]
[SourceVersionDate "2012.11.22"]
[SourceQuality "1"]
[WhiteTeam "Mainz Orient (W)"]
[BlackTeam "Hofheim (W)"]
[WhiteTeamCountry "GER"]
[BlackTeamCountry "GER"]

1. d4 Nf6 2. c4 e6 3. Nc3 Bb4 4. Bg5 c5 5. dxc5 Bxc5 6. e3 Nc6 7. Nf3 h6 8. Bh4 a6 9. a3 Be7 10. e4 d6 11. b4 g5 12. Bg3 Nh5 13. Rc1 Nxg3 14. hxg3 Bf6 15. Bd3 Bd7 16. Nd2 Ne5 17. Nf3 Rc8 18. Nxe5 Bxe5 19. Ne2 Qb6 20. Qb3 Ke7 21. Bb1 a5 22. b5 d5 23. cxd5 Rxc1+ 24. Nxc1 Qxb5 25. dxe6 Qxb3 26. Nxb3 Bxe6 27. Nc1 Bb2 28. 0-0 Bxa3 29. f4 Rc8 30. Nd3 f6 31. f5 Bc4 32. Kh2 Bd6 33. Rc1 b5 34. Nb2 Be6 35. Rd1 Bf7 36. Bd3 b4 37. Ba6 Rc3 38. Nd3 Bc4 39. Bxc4 Rxc4 40. Ne1 Rxe4 41. Ra1 Re5 0-1

[Event "BL2 Sued 1112 (Women)"]
[Site "Germany"]
[Date "2011.10.29"]
[Round "1.4"]
[White "Imelmann, Esther"]
[Black "Muench, Ursula"]
[Result "1-0"]
[WhiteElo "1772"]
[BlackElo "1783"]
[PlyCount "79"]
[EventDate "2011.10.29"]
[EventType "team-tourn"]
[EventRounds "7"]
[EventCountry "GER"]
[SourceTitle "EXT 2013"]
[Source "ChessBase"]
[SourceDate "2012.11.22"]
[SourceVersion "1"]
[SourceVersionDate "2012.11.22"]
[SourceQuality "1"]
[WhiteTeam "Mainz Orient (W)"]
[BlackTeam "Augsburg (W)"]
[WhiteTeamCountry "GER"]
[BlackTeamCountry "GER"]

1. d4 Nf6 2. Nf3 g6 3. c4 Bg7 4. Nc3 0-0 5. e4 d6 6. Be2 c6 7. 0-0 Qc7 8. Ne1 e5 9. d5 Nbd7 10. Be3 Nc5 11. f3 a5 12. Nd3 Nxd3 13. Bxd3 Ne8 14. a3 f5 15. b4 Nf6 16. Qb3 Kh8 17. c5 axb4 18. axb4 Rxa1 19. Rxa1 dxc5 20. bxc5 fxe4 21. d6 Qd7 22. Bxe4 Qe6 23. Qxe6 Bxe6 24. Ra7 Rb8 25. Kf2 Nd7 26. Ra1 Bf6 27. Rb1 Kg7 28. Rb2 Bf5 29. Rb4 Bd8 30. Ra4 Kf7 31. Ra7 Ke6 32. g4 Bxe4 33. fxe4 b5 34. Ra6 b4 35. Na4 b3 36. Nb2 Rb4 37. Rxc6 Rxe4 38. h3 Bh4+ 39. Kf3 Rc4 40. Nxc4 1-0

[Event "Karl Mala Memorial op 14th"]
[Site "Frankfurt"]
[Date "2011.07.10"]
[Round "6"]
[White "Imelmann, Esther"]
[Black "Varma, Christopher"]
[Result "0-1"]
[WhiteElo "1790"]
[BlackElo "1448"]
[PlyCount "112"]
[EventDate "2011.07.07"]
[EventType "swiss"]
[EventRounds "7"]
[EventCountry "GER"]
[SourceTitle "EXT 2012"]
[Source "ChessBase"]
[SourceDate "2011.11.24"]
[SourceVersion "1"]
[SourceVersionDate "2011.11.24"]
[SourceQuality "1"]

1. d4 Nf6 2. Nf3 g6 3. c4 Bg7 4. Nc3 0-0 5. e4 d6 6. Be2 e5 7. d5 c6 8. 0-0 Nh5 9. Ne1 Nf4 10. Nd3 g5 11. f3 f5 12. Be3 Nd7 13. b4 Nf6 14. Nf2 h6 15. Rc1 Nh7 16. exf5 Bxf5 17. Nce4 cxd5 18. cxd5 Nf6 19. Nxf6+ Bxf6 20. Ne4 Kf7 21. Nxf6 Kxf6 22. Rf2 Nxe2+ 23. Rxe2 Qd7 24. a3 a5 25. Bd2 axb4 26. Bxb4 Rfc8 27. Rxc8 Rxc8 28. Re3 Ke7 29. Rxe5+ Kf6 30. Re3 Rc2 31. g4 Qc8 32. Qa1+ Kf7 33. Rc3 Rxc3 34. Bxc3 Bxg4 35. fxg4 Qxg4+ 36. Kf2 Qf4+ 37. Ke2 Qxh2+ 38. Kd3 Qh3+ 39. Kc4 Qf3 40. Bh8 b5+ 41. Kb4 Kg6 42. Qd4 Qf4 43. Qxf4 gxf4 44. Kxb5 h5 45. Bd4 h4 46. a4 h3 47. Bg1 f3 48. Kc6 h2 49. Bxh2 f2 50. Bxd6 f1Q 51. Bc5 Qa6+ 52. Kc7 Qa5+ 53. Kd6 Kf7 54. Bg1 Qxa4 55. Bh2 Ke8 56. Kc5 Qc2+ 0-1

[Event "Karl Mala Memorial op 14th"]
[Site "Frankfurt"]
[Date "2011.07.09"]
[Round "4"]
[White "Imelmann, Esther"]
[Black "Dittmar, Lars"]
[Result "0-1"]
[WhiteElo "1790"]
[BlackElo "1519"]
[PlyCount "108"]
[EventDate "2011.07.07"]
[EventType "swiss"]
[EventRounds "7"]
[EventCountry "GER"]
[SourceTitle "EXT 2012"]
[Source "ChessBase"]
[SourceDate "2011.11.24"]
[SourceVersion "1"]
[SourceVersionDate "2011.11.24"]
[SourceQuality "1"]

1. d4 d5 2. c4 e6 3. Nc3 Nf6 4. Nf3 Bb4 5. Bg5 c6 6. e3 Nbd7 7. Be2 Qa5 8. Qc2 Ne4 9. Rc1 Qxa2 10. cxd5 cxd5 11. Bf4 0-0 12. 0-0 Bxc3 13. bxc3 Qxc2 14. Rxc2 Nb6 15. Ne5 Na4 16. c4 dxc4 17. Rxc4 Nb6 18. Rc2 Bd7 19. Nxd7 Nxd7 20. Rc7 Nb6 21. Rxb7 Nd5 22. Be5 f6 23. Bg3 Nxg3 24. hxg3 Rfb8 25. Rd7 Rd8 26. Rxd8+ Rxd8 27. Ra1 Rd7 28. Ra6 Kf7 29. Bg4 f5 30. Bf3 Nb6 31. g4 g6 32. gxf5 gxf5 33. g4 Kf6 34. gxf5 Kxf5 35. Ra5+ Kf6 36. Be4 Nc4 37. Rh5 Rg7+ 38. Kh2 Nd2 39. Bxh7 Nf3+ 40. Kh3 Ng5+ 41. Rxg5 Kxg5 42. Bd3 Kf6 43. f4 a5 44. e4 a4 45. e5+ Ke7 46. f5 exf5 47. Bxf5 a3 48. Bb1 Rg1 49. Ba2 Rd1 50. d5 Rd2 51. d6+ Kd7 52. Bc4 a2 53. Bxa2 Rxa2 54. Kg4 Rf2 0-1

[Event "Karl Mala Memorial op 14th"]
[Site "Frankfurt"]
[Date "2011.07.08"]
[Round "2"]
[White "Imelmann, Esther"]
[Black "Loeffler, Thorsten"]
[Result "0-1"]
[WhiteElo "1790"]
[BlackElo "1338"]
[PlyCount "90"]
[EventDate "2011.07.07"]
[EventType "swiss"]
[EventRounds "7"]
[EventCountry "GER"]
[SourceTitle "EXT 2012"]
[Source "ChessBase"]
[SourceDate "2011.11.24"]
[SourceVersion "1"]
[SourceVersionDate "2011.11.24"]
[SourceQuality "1"]

1. d4 d5 2. c4 c6 3. Nc3 Nf6 4. Nf3 Bg4 5. Qb3 Qb6 6. Qxb6 axb6 7. cxd5 Bxf3 8. gxf3 Nxd5 9. Nxd5 cxd5 10. Bf4 Nc6 11. e3 e6 12. Bb5 Bb4+ 13. Ke2 Rc8 14. Rhg1 g6 15. Rac1 Ke7 16. a3 Bd6 17. Bg3 f6 18. Bd3 e5 19. dxe5 Bxe5 20. Rc2 Bxg3 21. hxg3 Rc7 22. Rh1 f5 23. b4 Kd6 24. b5 Ne5 25. Rxc7 Kxc7 26. Bc2 Kd6 27. Rd1 Kc5 28. a4 Nc4 29. Rd4 Re8 30. Bb3 Re7 31. Kd3 Ne5+ 32. Kc3 Rd7 33. Bd1 Rc7 34. f4 Kd6+ 35. Kb3 Nd7 36. f3 Nc5+ 37. Kb2 Re7 38. Be2 Rxe3 39. Bc4 Nxa4+ 40. Ka1 Nc3 41. Kb2 Kc5 42. Rd3 Rxd3 43. Bxd3 Nxb5 44. g4 Nd4 45. Kc3 b5 0-1

[Event "Karl Mala Memorial op 14th"]
[Site "Frankfurt"]
[Date "2011.07.07"]
[Round "1"]
[White "Cattus, Nico"]
[Black "Imelmann, Esther"]
[Result "1-0"]
[WhiteElo "2201"]
[BlackElo "1790"]
[PlyCount "59"]
[EventDate "2011.07.07"]
[EventType "swiss"]
[EventRounds "7"]
[EventCountry "GER"]
[SourceTitle "EXT 2012"]
[Source "ChessBase"]
[SourceDate "2011.11.24"]
[SourceVersion "1"]
[SourceVersionDate "2011.11.24"]
[SourceQuality "1"]

1. d4 d5 2. c4 e6 3. Nf3 c6 4. Nc3 Nf6 5. Bg5 Be7 6. e3 Nbd7 7. Bd3 dxc4 8. Bxc4 b5 9. Bd3 a6 10. e4 c5 11. d5 exd5 12. e5 Ng4 13. Bxe7 Qxe7 14. Nxd5 Qd8 15. 0-0 0-0 16. Qe2 c4 17. Bc2 Nc5 18. Rfd1 Bd7 19. a4 Qb8 20. h3 Nh6 21. Qe3 Qa7 22. axb5 Bxb5 23. Nf6+ Kh8 24. Nxh7 Rfb8 25. Rd6 Nd3 26. Qe4 Qxf2+ 27. Kh2 f5 28. exf6 Re8 29. fxg7+ Kg8 30. Nf6+ 1-0

[Event "Frankfurt-ch"]
[Site "Frankfurt"]
[Date "2011.05.23"]
[Round "4"]
[White "Imelmann, Esther"]
[Black "Willenbring, Jens Dirk"]
[Result "1-0"]
[WhiteElo "1790"]
[BlackElo "1489"]
[PlyCount "91"]
[EventDate "2011.05.02"]
[EventType "swiss"]
[EventRounds "7"]
[EventCountry "GER"]
[SourceTitle "EXT 2012"]
[Source "ChessBase"]
[SourceDate "2011.11.24"]
[SourceVersion "1"]
[SourceVersionDate "2011.11.24"]
[SourceQuality "1"]

1. d4 d5 2. c4 e6 3. Nc3 Nf6 4. Bg5 Be7 5. Nf3 h6 6. Bh4 c6 7. Ne5 Nbd7 8. f4 Nxe5 9. fxe5 Nd7 10. Bxe7 Qxe7 11. e4 Qb4 12. exd5 cxd5 13. cxd5 exd5 14. Qd2 Nb6 15. b3 0-0 16. Be2 Be6 17. Nb5 Qxd2+ 18. Kxd2 Bd7 19. Nc3 Rac8 20. a4 Bc6 21. a5 Na8 22. Bg4 Rc7 23. Rac1 f5 24. Bf3 Rd8 25. h4 g5 26. hxg5 hxg5 27. Rh6 Rh7 28. Rch1 Rxh6 29. Rxh6 g4 30. Be2 Nc7 31. Ke3 Rf8 32. Kf4 Kg7 33. Kg5 Bd7 34. Rd6 Ne6+ 35. Kh4 Rh8+ 36. Kg3 f4+ 37. Kxg4 Nf8+ 38. Kxf4 Rh4+ 39. Ke3 Bf5 40. Bf3 Ne6 41. Rxd5 Ng5 42. Rd8 Ne6 43. Rd7+ Kf8 44. Rxb7 Rxd4 45. Be2 Rd8 46. Bc4 1-0

[Event "Rheinhessen-ch HT1"]
[Site "Mainz"]
[Date "2009.04.10"]
[Round "6"]
[White "Rotermund, Verena"]
[Black "Imelmann, Esther"]
[Result "1-0"]
[WhiteElo "1826"]
[BlackElo "1600"]
[PlyCount "65"]
[EventDate "2009.04.04"]
[EventType "swiss"]
[EventRounds "7"]
[EventCountry "GER"]
[SourceTitle "EXT 2011"]
[Source "ChessBase"]
[SourceDate "2010.11.26"]
[SourceVersion "1"]
[SourceVersionDate "2010.11.26"]
[SourceQuality "1"]

1. e4 e6 2. d4 d5 3. Nc3 Bb4 4. e5 c5 5. a3 cxd4 6. axb4 dxc3 7. b5 Qc7 8. f4 Nd7 9. Bd3 Nc5 10. Nf3 Nxd3+ 11. Qxd3 cxb2 12. Bxb2 Bd7 13. Nd4 Ne7 14. 0-0 Qb6 15. Kh1 Nf5 16. Nxf5 exf5 17. Qxd5 Qxb5 18. Qd4 Be6 19. Ba3 Qd5 20. Qb4 Qd7 21. Rad1 Qc7 22. Rd4 a5 23. Qd2 Rd8 24. Bd6 Qb6 25. c4 Qa6 26. Rc1 b6 27. h3 Rc8 28. c5 b5 29. Qe1 g5 30. fxg5 b4 31. Qh4 Qb7 32. g6 fxg6 33. Qf6 1-0

[Event "Rheinhessen-ch HT1"]
[Site "Mainz"]
[Date "2009.04.04"]
[Round "1"]
[White "Fuehrer, Michael"]
[Black "Imelmann, Esther"]
[Result "1-0"]
[WhiteElo "1850"]
[BlackElo "1600"]
[PlyCount "67"]
[EventDate "2009.04.04"]
[EventType "swiss"]
[EventRounds "7"]
[EventCountry "GER"]
[SourceTitle "EXT 2011"]
[Source "ChessBase"]
[SourceDate "2010.11.26"]
[SourceVersion "1"]
[SourceVersionDate "2010.11.26"]
[SourceQuality "1"]

1. e4 e6 2. d4 d5 3. e5 c5 4. Nf3 Nc6 5. dxc5 Bxc5 6. Bd3 Nge7 7. 0-0 Bd7 8. c3 a5 9. a4 Ng6 10. Qe2 0-0 11. h4 Be7 12. g3 Re8 13. Na3 Nf8 14. Nb5 Na7 15. Nbd4 f6 16. Bf4 f5 17. Ng5 Nc6 18. Ndf3 Qb6 19. Be3 Bc5 20. Bc1 Re7 21. Kg2 Be8 22. c4 Nb4 23. cxd5 Nxd5 24. Bc4 Bc6 25. Kh2 h6 26. Nh3 Qb4 27. b3 Qb6 28. Ne1 Nc3 29. Qh5 Be8 30. Qxf5 Bg6 31. Qf3 Bd4 32. Bb2 Be4 33. Qg4 Bf5 34. Qxf5 1-0

[Event "Niedersachsen-ch"]
[Site "Verden"]
[Date "2008.01.05"]
[Round "6"]
[White "Imelmann, Esther"]
[Black "Lienau, Henrik"]
[Result "1/2-1/2"]
[WhiteElo "1613"]
[BlackElo "1364"]
[PlyCount "76"]
[EventDate "2008.01.03"]
[EventType "swiss"]
[EventRounds "7"]
[EventCountry "GER"]
[SourceTitle "EXT 2010"]
[Source "ChessBase"]
[SourceDate "2010.11.25"]
[SourceVersion "1"]
[SourceVersionDate "2010.11.25"]
[SourceQuality "1"]

1. d4 Nf6 2. Nf3 g6 3. c4 Bg7 4. Nc3 0-0 5. e4 d6 6. Be2 Nbd7 7. 0-0 c5 8. d5 b5 9. cxb5 a6 10. Re1 axb5 11. Bxb5 Ba6 12. Bxa6 Rxa6 13. h3 Qb6 14. Re2 Rb8 15. Qe1 Nh5 16. g4 Nhf6 17. Kg2 Ra7 18. Bf4 Rab7 19. Rc1 Qa6 20. Rcc2 c4 21. e5 dxe5 22. Nxe5 Nxe5 23. Bxe5 Rd8 24. Bxf6 Bxf6 25. Re4 Rc8 26. Qe2 Rbc7 27. a3 Qa5 28. Kg1 Qa8 29. Rd2 Qa5 30. Qe3 Bxc3 31. Qxc3 Qxc3 32. bxc3 Ra7 33. Rdd4 Rac7 34. d6 exd6 35. Rxd6 Ra8 36. Rdd4 Rxa3 37. Rxc4 Rxc3 38. Rxc7 Rxc7 1/2-1/2